Fr. Conceicao Rodrigues College of Engineering

ATM Networks (Record no. 22913)

MARC details
000 -LEADER
fixed length control field 00308nam a2200157Ia 4500
082 ## - DEWEY DECIMAL CLASSIFICATION NUMBER
Classification number 4.6
Item number HAN/HUB
100 ## - MAIN ENTRY--PERSONAL NAME
Personal name Handel/R/ Huber
250 ## - EDITION STATEMENT
Edition statement 2
245 ## - TITLE STATEMENT
Title ATM Networks
260 ## - PUBLICATION, DISTRIBUTION, ETC.
Name of publisher, distributor, etc. ADDISON WESLEY
Date of publication, distribution, etc. 1999
300 ## - PHYSICAL DESCRIPTION
Extent 327
546 ## - LANGUAGE NOTE
Language note ENGLISH
654 ## - SUBJECT ADDED ENTRY--FACETED TOPICAL TERMS
Focus term Computer
942 ## - ADDED ENTRY ELEMENTS (KOHA)
Koha item type BOOK
Holdings
Withdrawn status Lost status Damaged status Not for loan Collection Home library Current library Date acquired Total Checkouts Full call number Barcode Date last seen Price effective from Koha item type Inventory number
        CRC Fr. Agnel's C.Rodrigues College of Engineering Fr. Agnel's C.Rodrigues College of Engineering 17/03/2023   4.6 HAN/HUB 11170 17/03/2023 17/03/2023 BOOK  
        CRC Fr. Agnel's C.Rodrigues College of Engineering Fr. Agnel's C.Rodrigues College of Engineering 17/03/2023   4.6 HAN/HUB 11171 17/03/2023 17/03/2023 BOOK 3426